[Event "2BLO 2223 SK Göggingen - SK Passau"]
[Site "?"]
[Date "2023.02.05"]
[Round "6.8"]
[White "Fauth, Dietmar"]
[Black "Wisnet, Dominic"]
[Result "0-1"]
[WhiteElo "2109"]
[BlackElo "2302"]
[PlyCount "120"]
[EventDate "2023.??.??"]

1. e4 c5 2. d4 cxd4 3. c3 d3 4. Bxd3 d6 5. h3 g6 6. Nf3 Bg7 7. O-O Nf6 8. c4 Nc6 9. Nc3 O-O 10. Be3 Nd7 11. Rc1 Nc5 12. Bb1 a5 13. Qd2 a4 14. Bh6 Qa5 15. Bxg7 Kxg7 16. Rfd1 a3 17. bxa3 Qxa3 18. Nd5 f6 19. Nd4 Nxd4 20. Qxd4 Rf7 21. Qd2 Bd7 22. Rc3 Qa5 23. Qd4 Ba4 24. Rdc1 e5 25. Qe3 Bc6 26. h4 Ne6 27. g3 Qc5 28. Qd2 Nd4 29. h5 g5 30. Kg2 Ra3 31. Rxa3 Qxa3 32. Rc3 Qa5 33. Rd3 Qxd2 34. Rxd2 Rf8 35. Rb2 Kf7 36. Nb4 Bd7 37. Nd5 Rb8 38. Rb6 Ke6 39. Bd3 Bc6 40. Nb4 Kd7 41. Nd5 Bxd5 42. exd5 f5 43. g4 Kc7 44. c5 dxc5 45. Rh6 e4 46. Bb1 Rh8 47. Kf1 c4 48. Ke1 fxg4 49. Kd2 Nf5 50. Rf6 Nd6 51. Rh6 Rf8 52. Rxh7+ Kb6 53. Ke2 Rf3 54. Rg7 g3 55. fxg3 Rxg3 56. h6 Rh3 57. h7 Kc5 58. Rxg5 Rxh7 59. Ke3 Rh3+ 60. Ke2 b5 0-1

[Event "2BLO 2223 Erfurter SK - SC NT Nürnberg"]
[Site "?"]
[Date "2023.02.05"]
[Round "6.1"]
[White "Milov, Leonid"]
[Black "Romanov, Evgeny"]
[Result "1/2-1/2"]
[WhiteElo "2423"]
[BlackElo "2601"]
[PlyCount "84"]
[EventDate "2023.??.??"]

1. e4 c5 2. Nf3 e6 3. c3 d5 4. exd5 Qxd5 5. d4 Nf6 6. Na3 Qd8 7. Nc4 Be7 8. Bf4 Nd5 9. Bg3 O-O 10. Be2 b6 11. O-O Bb7 12. a4 Nc6 13. Re1 cxd4 14. Nxd4 Nxd4 15. Qxd4 f5 16. Be5 Bc5 17. Qd3 Qh4 18. Qg3 Qh6 19. Bf3 Rad8 20. a5 Ba6 21. Bxd5 Rxd5 22. Bf4 Qf6 23. Ne3 Rd7 24. b4 Bxe3 25. Qxe3 Bc4 26. axb6 axb6 27. Qxb6 Qg6 28. f3 Rfd8 29. Qf2 h6 30. Ra7 Rxa7 31. Qxa7 Rd3 32. Qf2 Rxc3 33. Rc1 Qf6 34. Rxc3 Qxc3 35. Qd2 Qa1+ 36. Qc1 Qd4+ 37. Be3 Qd3 38. Bf4 Qe2 39. h3 Kh7 40. Qd2 Qf1+ 41. Kh2 Bd5 42. Qc3 Qc4 1/2-1/2

[Event "2BLO 2223 Erfurter SK - SC NT Nürnberg"]
[Site "?"]
[Date "2023.02.05"]
[Round "6.2"]
[White "Mihok, Oliver"]
[Black "Yelisieiev, Yevhenii"]
[Result "1-0"]
[WhiteElo "2558"]
[BlackElo "2408"]
[PlyCount "79"]
[EventDate "2023.??.??"]

1. e4 d6 2. d4 Nf6 3. Nc3 e5 4. Nge2 c6 5. h3 b5 6. a3 Bb7 7. g4 a5 8. Ng3 b4 9. Nce2 exd4 10. Nxd4 g6 11. Bg2 Bg7 12. O-O O-O 13. g5 Nfd7 14. h4 Qb6 15. Nde2 Ne5 16. axb4 axb4 17. Rxa8 Bxa8 18. b3 Rd8 19. Be3 Qa5 20. h5 Ng4 21. Bc1 Nd7 22. h6 Bh8 23. Bh3 Nde5 24. Nf4 d5 25. Bxg4 dxe4 26. Qe2 c5 27. Rd1 f5 28. gxf6 Bxf6 29. Be6+ Kf8 30. Rxd8+ Qxd8 31. Be3 Nf3+ 32. Kg2 Bd4 33. Bh3 Qa5 34. Ne6+ Ke7 35. Ng5 Qa1 36. N3xe4 Bxe4 37. Nxe4 Qg1+ 38. Kxf3 Qh1+ 39. Kg3 Be5+ 40. f4 1-0

[Event "2BLO 2223 Erfurter SK - SC NT Nürnberg"]
[Site "?"]
[Date "2023.02.05"]
[Round "6.3"]
[White "Kirchner, Thomas"]
[Black "Weishaeutel, Moritz"]
[Result "0-1"]
[WhiteElo "2320"]
[BlackElo "2427"]
[PlyCount "94"]
[EventDate "2023.??.??"]

1. e4 e5 2. Nf3 Nc6 3. Bc4 Nf6 4. d3 Bc5 5. O-O O-O 6. c3 d5 7. exd5 Nxd5 8. Nbd2 Nb6 9. Ne4 Nxc4 10. Nxc5 Nd6 11. h3 b6 12. Ne4 Nxe4 13. dxe4 Ba6 14. Qxd8 Raxd8 15. Re1 f6 16. Be3 Rd6 17. Rad1 Bd3 18. Nd2 Rfd8 19. Rc1 g6 20. f3 f5 21. exf5 gxf5 22. f4 e4 23. Kf2 Ne7 24. g4 Kf7 25. c4 c5 26. Rg1 Rh6 27. Rh1 Nc6 28. a3 Rg8 29. g5 Rh4 30. Kg3 Rh5 31. Rh2 h6 32. h4 hxg5 33. hxg5 Rxh2 34. Kxh2 Nd4 35. Bxd4 cxd4 36. Nb3 Rd8 37. c5 bxc5 38. Rxc5 e3 39. Rc7+ Kg8 40. Nc5 Bc4 41. Kg3 d3 42. Nxd3 Bxd3 43. Re7 e2 44. Kf2 Ba6 45. Rxa7 Rd1 46. Ra8+ Kg7 47. Ra7+ Kf8 0-1

[Event "2BLO 2223 Erfurter SK - SC NT Nürnberg"]
[Site "?"]
[Date "2023.02.05"]
[Round "6.4"]
[White "Enders, Peter"]
[Black "Promyshlyanskiy, Vitaliy"]
[Result "1/2-1/2"]
[WhiteElo "2412"]
[BlackElo "2268"]
[PlyCount "75"]
[EventDate "2023.??.??"]

1. e4 e5 2. Nf3 Nc6 3. Be2 Nf6 4. d3 Bc5 5. O-O d6 6. c3 a6 7. Nbd2 Ba7 8. b4 O-O 9. Rb1 Qe7 10. a4 Bd7 11. Qc2 Nh5 12. Nc4 b5 13. axb5 axb5 14. Ne3 Nf4 15. Nd5 Nxd5 16. exd5 Nd8 17. Be3 Bxe3 18. fxe3 f5 19. Ra1 Nf7 20. e4 Ng5 21. Qd2 Nxf3+ 22. Bxf3 Rfb8 23. exf5 Bxf5 24. Qe3 Rf8 25. Ra5 Qd7 26. h3 h6 27. Kh2 Rab8 28. Ra7 Rf7 29. Bh5 g6 30. Be2 g5 31. Bh5 Rff8 32. Rf3 Kh7 33. Ra2 Bg6 34. Raf2 Qe7 35. Bxg6+ Kxg6 36. Qe4+ Kg7 37. Rf5 Rxf5 38. Rxf5 1/2-1/2

[Event "2BLO 2223 Erfurter SK - SC NT Nürnberg"]
[Site "?"]
[Date "2023.02.05"]
[Round "6.5"]
[White "Mischustov, Michael"]
[Black "Mueller, Matthias"]
[Result "1/2-1/2"]
[WhiteElo "2313"]
[BlackElo "2382"]
[PlyCount "87"]
[EventDate "2023.??.??"]

1. e4 e5 2. Nf3 Nc6 3. Bb5 a6 4. Bxc6 dxc6 5. Nc3 f6 6. d4 Bg4 7. dxe5 Qxd1+ 8. Nxd1 Bxf3 9. gxf3 fxe5 10. f4 exf4 11. Bxf4 O-O-O 12. Ne3 Re8 13. f3 Nf6 14. O-O-O Bc5 15. Nf5 g6 16. Ng3 Rhf8 17. Bh6 Rf7 18. Rhf1 Nd7 19. Bd2 Ne5 20. f4 Ng4 21. b4 Bb6 22. f5 Nxh2 23. fxg6 Rxf1 24. Nxf1 Nxf1 25. Rxf1 hxg6 26. Rf6 Rxe4 27. Rxg6 c5 28. a3 Kd7 29. Kb2 Re6 30. Rxe6 Kxe6 31. bxc5 Bxc5 32. a4 Kd5 33. Kb3 b5 34. axb5 axb5 35. c4+ bxc4+ 36. Kc2 Bd4 37. Bf4 Be5 38. Bg5 Ke4 39. Bd8 Kd5 40. Bg5 c3 41. Bd8 Kc4 42. Bg5 c5 43. Be7 Bd4 44. Bg5 1/2-1/2

[Event "2BLO 2223 Erfurter SK - SC NT Nürnberg"]
[Site "?"]
[Date "2023.02.05"]
[Round "6.6"]
[White "Scheftlein, Richard"]
[Black "Kabatianski, Alexander"]
[Result "1-0"]
[WhiteElo "2316"]
[BlackElo "2357"]
[PlyCount "167"]
[EventDate "2023.??.??"]

1. d4 Nf6 2. c4 e6 3. Nc3 Bb4 4. Qc2 O-O 5. a3 Bxc3+ 6. Qxc3 d6 7. Nf3 b6 8. g3 Bb7 9. Bg2 Nbd7 10. O-O a5 11. b3 Qe7 12. Bb2 Rfe8 13. Rad1 c5 14. a4 Rac8 15. Ne1 d5 16. Nc2 cxd4 17. Qxd4 Ba6 18. Ba3 Qd8 19. Ne3 dxc4 20. Nxc4 Bxc4 21. bxc4 Qc7 22. Rc1 Nc5 23. Bxc5 bxc5 24. Qe3 Rb8 25. Rb1 Rb4 26. Rxb4 cxb4 27. c5 Rb8 28. c6 Nd5 29. Bxd5 exd5 30. Qc5 Rb6 31. Rc1 Rb8 32. Qxd5 h6 33. Qd7 Rc8 34. Rc5 Kf8 35. Re5 Qxd7 36. cxd7 Rd8 37. Rxa5 Rxd7 38. Rb5 Rd1+ 39. Kg2 Rb1 40. g4 g6 41. h4 Kg7 42. h5 gxh5 43. Rxh5 Ra1 44. a5 b3 45. Rb5 b2 46. Rxb2 Rxa5 47. f4 Ra3 48. Rd2 Kg6 49. Rd3 Ra1 50. Rd6+ Kg7 51. Kf3 Ra4 52. e3 Rb4 53. Rd4 Rb3 54. Ke4 Ra3 55. Rd3 Ra5 56. Rd5 Ra3 57. Re5 Ra6 58. Re8 Rg6 59. Kf3 Ra6 60. Rd8 Ra4 61. Rd3 Ra1 62. Ke4 Ra6 63. Rd2 Ra3 64. Kf3 Ra1 65. e4 Ra3+ 66. Kf2 Rb3 67. e5 Ra3 68. Re2 Kg6 69. e6 fxe6 70. Rxe6+ Kg7 71. Re3 Ra1 72. Kf3 Rg1 73. Re6 Kh7 74. Re7+ Kg8 75. Rd7 Kh8 76. f5 h5 77. gxh5 Rg5 78. Kf4 Rxh5 79. Ke5 Rh6 80. f6 Rh1 81. Rd8+ Kh7 82. f7 Re1+ 83. Kd6 Rd1+ 84. Kc7 1-0

[Event "2BLO 2223 Erfurter SK - SC NT Nürnberg"]
[Site "?"]
[Date "2023.02.05"]
[Round "6.7"]
[White "Kochiev, Ivan"]
[Black "Voekler, Bernd"]
[Result "1/2-1/2"]
[WhiteElo "2046"]
[BlackElo "2337"]
[PlyCount "61"]
[EventDate "2023.??.??"]

1. e4 c5 2. Nf3 d6 3. d4 cxd4 4. Nxd4 Nf6 5. f3 e5 6. Nb3 d5 7. Bg5 dxe4 8. Qxd8+ Kxd8 9. fxe4 Bb4+ 10. N1d2 Be6 11. O-O-O Nbd7 12. a3 Be7 13. Na5 Kc7 14. Nf3 Rhe8 15. Bd3 Ng4 16. Bxe7 Rxe7 17. Rd2 f6 18. Bc4 Bxc4 19. Nxc4 Nb6 20. Nxb6 Kxb6 21. h3 Nh6 22. Rhd1 Rc8 23. Ng1 Kc7 24. Ne2 Nf7 25. Nc3 Kb8 26. Rd7 Rce8 27. R7d3 Rc8 28. R1d2 Ng5 29. Rd7 Rxd7 30. Rxd7 Rc6 31. Rd8+ 1/2-1/2

[Event "2BLO 2223 Erfurter SK - SC NT Nürnberg"]
[Site "?"]
[Date "2023.02.05"]
[Round "6.8"]
[White "Casper, Thomas"]
[Black "Heimrath, Reiner"]
[Result "1-0"]
[WhiteElo "2344"]
[BlackElo "2169"]
[PlyCount "75"]
[EventDate "2023.??.??"]

1. e4 c6 2. d4 d5 3. Nc3 g6 4. h3 Bg7 5. Nf3 Nf6 6. Bd3 dxe4 7. Nxe4 Nxe4 8. Bxe4 Nd7 9. c3 O-O 10. O-O Nf6 11. Bc2 Be6 12. Re1 Rc8 13. Rxe6 fxe6 14. Ng5 Qd7 15. Qe2 Nd5 16. Nxe6 Rf6 17. Nc5 Qc7 18. Bg5 Rf7 19. Ne6 Qd7 20. Bh4 Bf6 21. Bg3 b6 22. Re1 Kh8 23. h4 c5 24. h5 g5 25. dxc5 bxc5 26. Bb3 Qc6 27. Bc4 Nb6 28. Nxg5 Rg7 29. Nf7+ Rxf7 30. Bxf7 Rd8 31. Be5 Kg7 32. Bxf6+ exf6 33. Qe7 Rd7 34. h6+ Kxh6 35. Qf8+ Kg5 36. Qg7+ Kf5 37. Qxh7+ Kf4 38. g3+ 1-0

[Event "2BLO 2223 MSA Zugzwang - Nickelhütte A"]
[Site "?"]
[Date "2023.02.05"]
[Round "6.1"]
[White "Antal, Gergely"]
[Black "Shengelia, David"]
[Result "0-1"]
[WhiteElo "2560"]
[BlackElo "2493"]
[PlyCount "78"]
[EventDate "2023.??.??"]

1. e4 c5 2. c3 Nf6 3. e5 Nd5 4. d4 cxd4 5. Nf3 Nc6 6. cxd4 d6 7. Bc4 Nb6 8. Bb5 dxe5 9. Nxe5 Bd7 10. Bxc6 Bxc6 11. Nxc6 bxc6 12. Be3 e6 13. O-O Be7 14. Nc3 O-O 15. Rc1 Nd5 16. Nxd5 cxd5 17. Qa4 a5 18. Rc6 Qb8 19. Qc2 Qb4 20. Rd1 a4 21. Rd2 h6 22. Bf4 Bg5 23. a3 Qb5 24. Rc5 Qd7 25. Bxg5 hxg5 26. Qd3 Rab8 27. Rdc2 g6 28. Qd2 Qe7 29. R5c3 Rb7 30. Rc8 Qf6 31. h3 Rxc8 32. Rxc8+ Kg7 33. Qc3 Rb3 34. Qd2 Qf5 35. g4 Qb1+ 36. Kg2 Rxb2 37. Qxg5 Qe4+ 38. Kg3 Qxd4 39. Qf4 Qxf4+ 0-1

[Event "2BLO 2223 MSA Zugzwang - Nickelhütte A"]
[Site "?"]
[Date "2023.02.05"]
[Round "6.2"]
[White "Baidetskyi, Valentin"]
[Black "Gonda, Laszlo"]
[Result "1-0"]
[WhiteElo "2464"]
[BlackElo "2498"]
[PlyCount "79"]
[EventDate "2023.??.??"]

1. e4 e5 2. Nf3 Nc6 3. Bc4 Bc5 4. d3 Nf6 5. Bg5 h6 6. Bh4 Be7 7. Bg3 d6 8. a4 O-O 9. h3 Na5 10. Ba2 c5 11. Nbd2 Be6 12. Bxe6 fxe6 13. c3 Nh5 14. Bh2 Nf4 15. Bxf4 Rxf4 16. b4 cxb4 17. cxb4 Nc6 18. b5 Na5 19. O-O Qd7 20. d4 exd4 21. Nxd4 d5 22. Ne2 Rf7 23. exd5 exd5 24. Nf3 Nc4 25. Rc1 Ba3 26. Rc2 a6 27. Nc3 axb5 28. axb5 Rd8 29. Qd3 Rf4 30. Rd1 Nb2 31. Qxd5+ Qxd5 32. Rxd5 Rc8 33. Ne2 Rfc4 34. Rxc4 Nxc4 35. Rd7 Nd6 36. Ned4 Re8 37. Nh4 Re5 38. f4 Re4 39. Ndf5 Rxf4 40. Rxg7+ 1-0

[Event "2BLO 2223 MSA Zugzwang - Nickelhütte A"]
[Site "?"]
[Date "2023.02.05"]
[Round "6.4"]
[White "Zysk, Robert"]
[Black "Eichner, Sebastian"]
[Result "1-0"]
[WhiteElo "2399"]
[BlackElo "2316"]
[PlyCount "63"]
[EventDate "2023.??.??"]

1. Nf3 d5 2. g3 c5 3. Bg2 Nc6 4. d4 Nf6 5. O-O cxd4 6. Nxd4 Bd7 7. c4 e5 8. Nxc6 Bxc6 9. cxd5 Bxd5 10. Qa4+ Qd7 11. Qxd7+ Kxd7 12. Rd1 Ke6 13. Bh3+ Ke7 14. Nc3 Bc6 15. b4 Rd8 16. Bg5 Ke8 17. Rxd8+ Kxd8 18. b5 Be8 19. Rd1+ Kc7 20. Bxf6 gxf6 21. Nd5+ Kd6 22. Nxf6+ Ke7 23. Nxe8 Kxe8 24. Rd7 Bc5 25. Rxb7 Kf8 26. a4 Kg7 27. Be6 Rf8 28. a5 Kg6 29. Bd5 f5 30. Rc7 Bd4 31. e3 Rd8 32. Bf7+ 1-0

[Event "2BLO 2223 MSA Zugzwang - Nickelhütte A"]
[Site "?"]
[Date "2023.02.05"]
[Round "6.5"]
[White "Langrock, Hannes"]
[Black "Zeller, Frank"]
[Result "1/2-1/2"]
[WhiteElo "2357"]
[BlackElo "2357"]
[PlyCount "95"]
[EventDate "2023.??.??"]

1. d4 Nf6 2. Nf3 c5 3. d5 b5 4. c3 Bb7 5. e4 a6 6. Bd3 e6 7. O-O exd5 8. e5 Ne4 9. Nbd2 Be7 10. Re1 Nxd2 11. Qxd2 Nc6 12. Qf4 Qb6 13. Be3 b4 14. Rad1 a5 15. Bc2 Nd8 16. Bb3 Ne6 17. Qg3 O-O 18. Bxd5 bxc3 19. bxc3 Bxd5 20. Rxd5 Rfd8 21. Nh4 Bxh4 22. Qxh4 Qb2 23. Qc4 Rab8 24. h3 Qc2 25. Kh2 Rb4 26. Qe2 Qxc3 27. Rc1 Qb2 28. Rc2 Qa1 29. Rc1 Rb1 30. Rxb1 Qxb1 31. Bxc5 Nf4 32. Rd1 Qf5 33. Qf3 g5 34. Be3 Qxe5 35. Qg3 h6 36. Bxf4 Qxf4 37. Qxf4 gxf4 38. Rd5 Kg7 39. g3 fxg3+ 40. Kxg3 a4 41. Rd4 d5 42. Kf3 a3 43. Rd3 Kf6 44. Rxa3 Ke5 45. Ra7 d4 46. Ra5+ Ke6 47. Ke2 Rc8 48. Kd3 1/2-1/2

[Event "2BLO 2223 MSA Zugzwang - Nickelhütte A"]
[Site "?"]
[Date "2023.02.05"]
[Round "6.6"]
[White "Hoffmeyer, Falk"]
[Black "Spiess, Gunter"]
[Result "1/2-1/2"]
[WhiteElo "2330"]
[BlackElo "2362"]
[PlyCount "101"]
[EventDate "2023.??.??"]

1. d4 d5 2. Nc3 Nf6 3. Bf4 e6 4. Nb5 Na6 5. e3 Be7 6. Nf3 Nh5 7. Be5 f6 8. Bg3 O-O 9. c4 g6 10. Rc1 c6 11. Nc3 Nxg3 12. hxg3 Nc7 13. Bd3 Ne8 14. Qc2 f5 15. g4 Nd6 16. Ne5 Bf6 17. gxf5 Bxe5 18. dxe5 Nxf5 19. Ne2 Qa5+ 20. Qc3 Qxc3+ 21. Rxc3 Ne7 22. g4 b6 23. c5 Rb8 24. b3 Bd7 25. Nd4 Kg7 26. f4 h6 27. Rc2 Rh8 28. Rg1 Rbf8 29. b4 h5 30. f5 exf5 31. e6 Be8 32. gxf5 Kh6 33. fxg6 Rhg8 34. b5 bxc5 35. Rxc5 cxb5 36. Rc7 Bxg6 37. Bxg6 Rxg6 38. Rxg6+ Nxg6 39. Rxa7 Re8 40. Rd7 Ra8 41. Nf5+ Kg5 42. Rxd5 Kf6 43. Nd4 Ne5 44. Rxb5 Rxa2 45. Rb8 Ra3 46. Ke2 Ra2+ 47. Kf1 Ra3 48. Rf8+ Ke7 49. Rh8 Ng4 50. Rh7+ Kf6 51. Rxh5 1/2-1/2

[Event "2BLO 2223 MSA Zugzwang - Nickelhütte A"]
[Site "?"]
[Date "2023.02.05"]
[Round "6.8"]
[White "Heydari, Edwin"]
[Black "Pulpan, Jakub"]
[Result "0-1"]
[WhiteElo "1742"]
[BlackElo "2422"]
[PlyCount "56"]
[EventDate "2023.??.??"]

1. e4 c5 2. d3 Nc6 3. f4 e6 4. Nf3 d5 5. Be2 Qb6 6. c3 Be7 7. O-O c4+ 8. d4 dxe4 9. Nfd2 f5 10. Nxc4 Qc7 11. Ne5 Nf6 12. Be3 O-O 13. Qd2 Nd5 14. g3 Nxe3 15. Qxe3 b5 16. Nd2 Rb8 17. a3 Rf6 18. Bd1 Nxe5 19. fxe5 Rg6 20. Bb3 Kh8 21. Qe2 Bb7 22. Rac1 Bg5 23. c4 Qd8 24. d5 bxc4 25. Bxc4 exd5 26. Bb5 Qb6+ 27. Kg2 Bxd2 28. Qxd2 Qxb5 0-1

[Event "2BLO 2223 FC Bayern München II - SG Le"]
[Site "?"]
[Date "2023.02.05"]
[Round "6.1"]
[White "Richter, Leonard"]
[Black "Bezold, Michael"]
[Result "0-1"]
[WhiteElo "2227"]
[BlackElo "2478"]
[PlyCount "90"]
[EventDate "2023.??.??"]

1. e4 c5 2. Nf3 e6 3. d4 cxd4 4. Nxd4 a6 5. Bd3 Bc5 6. Nb3 Ba7 7. Qg4 Nf6 8. Qxg7 Rg8 9. Qh6 Nc6 10. O-O Rg6 11. Qh4 Ne5 12. Kh1 Nfg4 13. Qxd8+ Kxd8 14. Be3 Nxe3 15. fxe3 Bxe3 16. N1d2 Ke7 17. Rae1 Ba7 18. Nf3 d6 19. Nxe5 dxe5 20. Na5 Bb6 21. b4 Bxa5 22. bxa5 Bd7 23. Rb1 Bc6 24. Rb6 Rc8 25. Rf2 Rgg8 26. Rb1 Rcd8 27. Rbf1 Rg7 28. h4 Rd4 29. h5 h6 30. Rf6 Rh7 31. R6f3 Ra4 32. Rg3 Rxa2 33. Rg8 Rxa5 34. Rc8 Ra4 35. Rc7+ Ke8 36. Rf6 Rd4 37. Rxe6+ Kd8 38. Rce7 a5 39. Rxe5 a4 40. Bb5 Bxb5 41. Rxb7 Bc6 42. Ra7 Rg7 43. c3 Rd1+ 44. Kh2 Rd2 45. Ra6 Rdxg2+ 0-1

[Event "2BLO 2223 FC Bayern München II - SG Le"]
[Site "?"]
[Date "2023.02.05"]
[Round "6.2"]
[White "Fedorovsky, Michael"]
[Black "Nguyen, Alex Dac-Vuong"]
[Result "1/2-1/2"]
[WhiteElo "2388"]
[BlackElo "2329"]
[PlyCount "26"]
[EventDate "2023.??.??"]

1. d4 Nf6 2. c4 e6 3. Nf3 d5 4. g3 Bb4+ 5. Bd2 Be7 6. Bg2 O-O 7. O-O Nbd7 8. Qc2 c6 9. a4 a5 10. Rc1 Ne4 11. Be1 f5 12. Nc3 Bd6 13. e3 Qf6 1/2-1/2

[Event "2BLO 2223 FC Bayern München II - SG Le"]
[Site "?"]
[Date "2023.02.05"]
[Round "6.3"]
[White "Natsidis, Christoph"]
[Black "Belezky, Alexander"]
[Result "1/2-1/2"]
[WhiteElo "2342"]
[BlackElo "2342"]
[PlyCount "37"]
[EventDate "2023.??.??"]

1. d4 Nf6 2. c4 e6 3. Nc3 d5 4. cxd5 exd5 5. Bg5 c6 6. e3 h6 7. Bh4 Be7 8. Bd3 O-O 9. Nge2 Ne4 10. Bxe7 Qxe7 11. O-O Nd7 12. Rb1 a5 13. Qc2 Re8 14. Na4 Nd6 15. Nc5 Nf6 16. b4 axb4 17. Rxb4 Nde4 18. Bxe4 Nxe4 19. Rb3 1/2-1/2

[Event "2BLO 2223 FC Bayern München II - SG Le"]
[Site "?"]
[Date "2023.02.05"]
[Round "6.4"]
[White "Zajogin, Alexander"]
[Black "Heistermann, Till"]
[Result "1-0"]
[WhiteElo "2389"]
[BlackElo "2199"]
[PlyCount "121"]
[EventDate "2023.??.??"]

1. d4 Nf6 2. Nf3 g6 3. Nbd2 d5 4. c4 c6 5. e3 Bg7 6. Be2 O-O 7. O-O Nbd7 8. b4 a5 9. b5 c5 10. Ba3 Ne4 11. Rc1 Nxd2 12. Qxd2 cxd4 13. Nxd4 dxc4 14. Bxc4 Nb6 15. Be2 Re8 16. Rfd1 e5 17. Nb3 Qxd2 18. Rxd2 a4 19. Nc5 Bf8 20. Bb2 a3 21. Ba1 Rb8 22. Ne4 Bg7 23. Bc3 Be6 24. Nd6 Re7 25. Ba5 Na8 26. Rdc2 b6 27. Bb4 Rd7 28. Ne4 h6 29. Bxa3 Ra7 30. Bb4 Rxa2 31. Rxa2 Bxa2 32. Bc4 Bxc4 33. Rxc4 f5 34. Nc3 e4 35. g4 Kf7 36. Rc6 Rd8 37. gxf5 gxf5 38. Kg2 Rd7 39. Na4 Rb7 40. Bd6 Bf6 41. Kg3 Bg5 42. Nc3 Rd7 43. Nd5 Ke6 44. Nf4+ Kf7 45. Nd5 Ke6 46. Nc7+ Nxc7 47. Bxc7+ Kd5 48. Bxb6 Rg7 49. Kh3 f4 50. exf4 Bxf4 51. Be3 Bg5 52. Bxg5 hxg5 53. Kg4 Rh7 54. h3 Rh4+ 55. Kg3 Ke5 56. Rc5+ Kf6 57. Rc4 Kf5 58. b6 e3 59. b7 e2 60. b8=Q e1=Q 61. Qf8+ 1-0

[Event "2BLO 2223 FC Bayern München II - SG Le"]
[Site "?"]
[Date "2023.02.05"]
[Round "6.5"]
[White "Roesemann, Rainer"]
[Black "Hoeglauer, Patrick"]
[Result "0-1"]
[WhiteElo "2284"]
[BlackElo "2275"]
[PlyCount "142"]
[EventDate "2023.??.??"]

1. c4 Nf6 2. g3 e6 3. Bg2 d5 4. Nf3 Be7 5. O-O O-O 6. b3 c5 7. Bb2 d4 8. b4 a5 9. bxc5 Nc6 10. d3 e5 11. Ba3 Nd7 12. Nbd2 f5 13. Rb1 Bxc5 14. Bxc5 Nxc5 15. Rb5 Qe7 16. Qc2 Bd7 17. a3 e4 18. Ne1 Ne5 19. Rb1 e3 20. fxe3 Ng4 21. exd4 Qe3+ 22. Kh1 Qxd4 23. Bd5+ Kh8 24. Rf4 Qf6 25. d4 Ne6 26. Bxe6 Qxe6 27. Nf1 Rae8 28. Rb2 b5 29. d5 Qd6 30. Nf3 bxc4 31. Qxc4 Qxa3 32. Ra2 Qe7 33. h3 Rc8 34. Qd4 Nf6 35. Ne5 Ra8 36. Ne3 Nh5 37. Kh2 Nxf4 38. Qxf4 Rae8 39. N3c4 Bb5 40. d6 Qe6 41. d7 Rd8 42. Rxa5 Bxc4 43. Qxc4 Qxc4 44. Nxc4 Rxd7 45. Kg2 g6 46. Ra2 Re8 47. Kf2 Rd4 48. Nd2 Re7 49. Nf3 Rd1 50. h4 h6 51. Rb2 Kg7 52. Ra2 Rb1 53. Rc2 Reb7 54. Ra2 R1b2 55. Ra6 R7b6 56. Ra5 Kf6 57. Ra8 Re6 58. Ng1 g5 59. hxg5+ hxg5 60. Rf8+ Kg6 61. Rg8+ Kh6 62. Rf8 Re5 63. Ra8 g4 64. Ra1 Rb3 65. Ra6+ Kg5 66. Rc6 Ree3 67. Rc2 Rxg3 68. Nf3+ Rgxf3+ 69. exf3 Rxf3+ 70. Kg2 Ra3 71. Rb2 f4 0-1

[Event "2BLO 2223 FC Bayern München II - SG Le"]
[Site "?"]
[Date "2023.02.05"]
[Round "6.6"]
[White "Rodewis, Thomas"]
[Black "Kalkhof, Stefan"]
[Result "1-0"]
[WhiteElo "2347"]
[BlackElo "2217"]
[PlyCount "119"]
[EventDate "2023.??.??"]

1. d4 d5 2. Nf3 c6 3. g3 Bf5 4. Bg2 e6 5. O-O Bd6 6. b3 Nf6 7. Bb2 Nbd7 8. Nbd2 h6 9. Re1 Ne4 10. Ne5 Nxe5 11. dxe5 Bb4 12. Nxe4 Bxe4 13. c3 Bxg2 14. cxb4 Be4 15. f3 Bg6 16. Bd4 O-O 17. Bc5 Re8 18. Qd4 f6 19. Bd6 Qb6 20. Qxb6 axb6 21. a4 Rec8 22. Rec1 Kf7 23. f4 Ke8 24. h3 h5 25. a5 b5 26. Kf2 Bf5 27. Rh1 Kf7 28. Rac1 Rg8 29. Ke3 Be4 30. Rhg1 Bf5 31. g4 hxg4 32. hxg4 Be4 33. Kd4 f5 34. Kc5 Ra6 35. gxf5 Bxf5 36. Rh1 Be4 37. Rh5 Bg6 38. Rh4 Be4 39. Rg1 Bc2 40. Rg3 Bd1 41. Rh2 Bc2 42. Rgh3 Bd1 43. Rc3 Kg6 44. Kd4 Raa8 45. Rg3+ Kf7 46. Kc3 Rh8 47. Rhg2 Rag8 48. Kd2 Rh1 49. Bc5 Rf1 50. Rg1 Bxe2 51. Kxe2 Rxf4 52. Bd6 g6 53. Rg4 Rf5 54. Ke3 g5 55. Kd4 Kg6 56. Be7 Kh5 57. Bf6 Rf3 58. Bxg5 Rxb3 59. Rh4+ Kg6 60. Bd2+ 1-0

[Event "2BLO 2223 FC Bayern München II - SG Le"]
[Site "?"]
[Date "2023.02.05"]
[Round "6.8"]
[White "Zesch, Ludwig"]
[Black "Rausch, Stephan"]
[Result "1/2-1/2"]
[WhiteElo "2297"]
[BlackElo "2245"]
[PlyCount "71"]
[EventDate "2023.??.??"]

1. e4 e6 2. d4 d5 3. Nd2 Nf6 4. e5 Nfd7 5. Bd3 c5 6. c3 Nc6 7. Ne2 cxd4 8. cxd4 Qb6 9. Nf3 f6 10. exf6 Nxf6 11. O-O Bd6 12. Bf4 Bxf4 13. Nxf4 O-O 14. Qd2 Bd7 15. Rfe1 Qb4 16. Nxe6 Qxd2 17. Nxd2 Bxe6 18. Rxe6 Nxd4 19. Re7 Rf7 20. Rxf7 Kxf7 21. Rc1 Re8 22. Rc7+ Re7 23. Rxe7+ Kxe7 24. f3 h6 25. Kf2 Kd6 26. Ke3 Ne6 27. Nb3 b6 28. Bf5 Nc5 29. Nd4 Na4 30. b3 Nc3 31. a4 Nd1+ 32. Kd2 Ke5 33. Nb5 a6 34. Nc7 Kxf5 35. Kxd1 a5 36. Kd2 1/2-1/2

[Event "2BLO 2223 SC Bavaria Regensburg 1881 - "]
[Site "?"]
[Date "2023.02.25"]
[Round "7.1"]
[White "Richter, Leonard"]
[Black "Stocek, Jiri"]
[Result "1-0"]
[WhiteElo "2227"]
[BlackElo "2542"]
[PlyCount "65"]
[EventDate "2023.??.??"]

1. e4 c5 2. Nf3 Nc6 3. d4 cxd4 4. Nxd4 Qb6 5. Nb3 Nf6 6. Nc3 e6 7. Bd3 a6 8. Qf3 d6 9. Qg3 Qc7 10. Bg5 b5 11. O-O-O Be7 12. f4 b4 13. Ne2 e5 14. Kb1 h6 15. Bxf6 Bxf6 16. f5 Bb7 17. h4 Ne7 18. Qe1 Qb6 19. g4 g5 20. fxg6 fxg6 21. Rf1 Rf8 22. Nd2 d5 23. exd5 Bxd5 24. Ne4 Bg7 25. Rxf8+ Kxf8 26. N2g3 Qe6 27. Qxb4 Bxa2+ 28. Ka1 a5 29. Qb7 Bd5 30. Bc4 Rd8 31. Nc3 Qxg4 32. Rf1+ Ke8 33. Bb5+ 1-0

[Event "2BLO 2223 SC Bavaria Regensburg 1881 - "]
[Site "?"]
[Date "2023.02.25"]
[Round "7.2"]
[White "Kaczur, Florian"]
[Black "Natsidis, Christoph"]
[Result "1/2-1/2"]
[WhiteElo "2470"]
[BlackElo "2342"]
[PlyCount "141"]
[EventDate "2023.??.??"]

1. e4 c5 2. Nf3 e6 3. b3 Nc6 4. Bb5 Nf6 5. e5 Nd5 6. O-O Be7 7. Bxc6 dxc6 8. d3 O-O 9. Qe2 a5 10. a4 b5 11. c4 Nb4 12. Rd1 Ra7 13. Nc3 Rd7 14. Ne1 bxc4 15. dxc4 Rxd1 16. Nxd1 Qd4 17. Bb2 Qf4 18. Ne3 Rd8 19. Rd1 Rxd1 20. Qxd1 Qe4 21. Bc3 Kf8 22. Nf1 Ke8 23. Ng3 Qf4 24. Nf3 Qg4 25. Qe2 f5 26. Bd2 Qg6 27. h3 Kf8 28. Bf4 h6 29. Qd2 Kg8 30. h4 Qe8 31. Be3 Qd7 32. Ne2 Qxd2 33. Bxd2 Kf7 34. g3 Bd7 35. h5 Be8 36. Nf4 Bd8 37. Be3 Bb6 38. Ne1 Ke7 39. Kg2 Bf7 40. Kh3 Kd7 41. Kg2 Bc7 42. Bxc5 Bxe5 43. Bxb4 axb4 44. Ned3 Bxf4 45. gxf4 Bxh5 46. f3 g5 47. Kg3 Kd6 48. c5+ Kc7 49. Nxb4 e5 50. fxe5 Bf7 51. a5 Bxb3 52. a6 f4+ 53. Kg4 Be6+ 54. Kh5 g4 55. fxg4 f3 56. Nd3 Bc4 57. a7 Bxd3 58. a8=Q f2 59. Qa7+ Kc8 60. e6 f1=Q 61. Qd7+ Kb8 62. Qd8+ Kb7 63. Qd7+ Ka8 64. Qxc6+ Ka7 65. Qc7+ Ka8 66. Qd8+ Ka7 67. Qd7+ Ka6 68. Qa4+ Kb7 69. Qd7+ Ka6 70. Qa4+ Kb7 71. Qd7+ 1/2-1/2

[Event "2BLO 2223 SC Bavaria Regensburg 1881 - "]
[Site "?"]
[Date "2023.02.25"]
[Round "7.3"]
[White "Heistermann, Till"]
[Black "Schneider, Jana"]
[Result "1-0"]
[WhiteElo "2199"]
[BlackElo "2273"]
[PlyCount "95"]
[EventDate "2023.??.??"]

1. Nf3 d5 2. g3 Nf6 3. Bg2 e6 4. c4 Be7 5. O-O O-O 6. b3 c5 7. Bb2 d4 8. e3 Nc6 9. exd4 cxd4 10. Re1 Re8 11. d3 Bf8 12. Ne5 Nxe5 13. Rxe5 Bd6 14. Re1 e5 15. Ba3 Bxa3 16. Nxa3 Bg4 17. Qd2 Qd7 18. Qa5 b6 19. Qb5 Qf5 20. Bxa8 Rxa8 21. Qxe5 Qxd3 22. Nb5 Rd8 23. Qe7 Rc8 24. Qd6 h5 25. Qxd4 Qf3 26. Qf4 Qa8 27. Re3 Rc5 28. Nd4 Kh7 29. f3 Bh3 30. Re5 Ng4 31. Qe4+ Qxe4 32. Rxe4 Ne5 33. b4 f5 34. bxc5 fxe4 35. cxb6 axb6 36. fxe4 Nxc4 37. Rb1 Bc8 38. Rb4 Ba6 39. Nc6 b5 40. Nd4 Nd6 41. e5 Nc4 42. e6 Nd6 43. e7 Kg6 44. Nxb5 Ne8 45. Nd6 Nxd6 46. Rb6 Kf7 47. Rxd6 Bb5 48. Rd5 1-0